Bundesländer die Bayern schlagen - Statistiken

Allgemein
  • Dieses Quiz wurde 157 mal gespielt
  • Das Durchschnittsergebnis liegt bei 11 aus 15
Antwortstatistiken
Kategorie # Bundesländer % Korrekt
Meiste Einwohner 2 Nordrhein-Westfalen
99%
Am dünnsten besiedelt 7 Brandenburg | Mecklenburg-Vorpommern | Niedersachsen | Sachsen-Anhalt | Schleswig-Holstein | Thüringen
93%
Alphabetisch erstes Bundesland 2 Baden-Württemberg
90%
Meistfrequentierter Bahnhof 3 Hamburg | Hessen
90%
Grenzt an die meisten anderen Bundesländer 5 (u) Brandenburg | Hessen | Niedersachsen | Thüringen
84%
Meiste Vereine in der Fußball-Bundesliga (Saison 2024/25) 3 Baden-Württemberg | Nordrhein-Westfalen
82%
Südlichster nördlichster Punkt 3 Baden-Württemberg | Saarland
68%
Alphabetisch letzte Hauptstadt 6 Baden-Württemberg | Brandenburg | Hessen | Mecklenburg-Vorpommern | Saarland
67%
Flächengrößter vollständig in Deutschland gelegener See 2 Mecklenburg-Vorpommern
67%
Höchstes BIP pro Kopf 3 Bremen | Hamburg
65%
Größte zweitgrößte Stadt 3 Nordrhein-Westfalen | Sachsen
65%
Bevölkerungsreichste Stadt, die mit "Neustadt" beginnt 4 Niedersachsen | Rheinland-Pfalz | Schleswig-Holstein
60%
Meiste Grenzübertritte von Schleswig-Holstein entfernt 2 (u) Saarland
60%
Meiste Gemeinden 2 Rheinland-Pfalz
49%
Häufigster Anfang für JetPunk-Benutzernamen (nur Benutzer, die Quizzes erstellt haben) 2 Hamburg
32%
Keine übereinstimmenden Quizze gefunden
Verteilung der Resultate
Anzahl Personen mit jedem Resultat
Perzentil nach korrekt beantworteten Fragen
Ihre Resultats-Entwicklung
Sie haben dieses Quiz noch nicht gespielt